000 00547nam a2200229 a 4500
001 nice12345678
003 IN_TiNIC
005 20260116015411.0
008 130508s1953 boma grp 000 0 eng
020 _a
_c0
082 0 0 _a955
_bDAV
100 _aDavar, Firoze Cowasji
245 _aIran and Its Culture
260 _aBombay
_bNew Book Co
_c1953
300 _a490p
500 _aincludes index and biblioraphy
650 _aIran-History
700 1 _aDavar, Firoze Cowasji
902 _bSRS
942 _cBK
999 _c19549
_d19549